000 00539nam a2200193Ia 4500
005 20250508160804.0
008 008 250505s9999 xx 000 0 eng d
037 _aTextual
040 _aFEDL
_beng
_cFEDL
041 _aeng
_2eng
084 _a330.9, SPI
_qFEDL
100 _aSpidchenko K.
_9297193
245 0 _aEconomic geography of the world (A popular outline)
260 _aMoscow
_bProgress Publishers
_c1972
300 _a188p.
650 _aEconomics
942 _cTEXL
_h330.9, SPI
999 _c1366631
_d1366631